Gramatyka języka francuskiego /

Saved in:
Bibliographic Details
Main Author: Vieillard, Sophie
Corporate Author: Buchmann (1987-2012)
Other Authors: Gajownik, Tomasz (Tł.), Lenart, Sylwia (Tł.), Goldschneider, Anna (Tł.)
Format: Book
Language:Polish
French
German
Published: Warszawa : Buchmann, [post 2006], 2001.
Subjects:
Tags: Add Tag
No Tags, Be the first to tag this record!

MARC

LEADER 00000cam a2200000 i 4500
001 9914358742205606
005 20260515140225.0
008 130906q20062013pl f 000 0 pol c
020 |a 8374760478 
020 |a 9788374760478 
035 |a vtls001060063-48omnis_network 
035 |a xx002902729 
035 |a (PL)b0001420315747 
040 |a WA U  |c WA U 
041 1 |a pol  |a fre  |h ger 
090 |c 33  |d 32 
100 1 |a Vieillard, Sophie 
245 1 0 |a Gramatyka języka francuskiego /  |c Sophie Vieillard ; [przekł. i adaptacja: Anna Goldschneider, Sylwia Lenart, Tomasz Gajownik]. 
246 1 |i Tyt. oryg.:  |a Langenscheidts Kurzgrammatik Französisch 
260 |a Warszawa :  |b Buchmann,  |c [post 2006], 2001. 
300 |a 95 s. ;  |c 22 cm. 
500 |a Na dok. r. wyd. 2001. Data wyd. [2006] ustalona na podst. ISBN. 
500 |a Na okł.: Rzeczowniki, rodzajniki, zaimki, przyimki, przymiotniki, liczebniki, przysłówki, czasowniki. 
650 0 |a French language  |x Grammar  |v Textbooks. 
650 |a Język francuski  |x gramatyka  |v podręczniki dla polskojęzycznych. 
700 1 |a Gajownik, Tomasz  |e Tł. 
700 1 |a Lenart, Sylwia  |e Tł. 
700 1 |a Goldschneider, Anna  |e Tł. 
710 2 |a Buchmann (1987-2012). 
920 |a 83-7476-047-8 
920 |a 978-83-7476-047-8 
942 |c K 
952 |0 0  |1 0  |4 0  |6 R__14_000000000000000  |7 0  |9 31  |a RYT  |b RYT  |d 2026-03-16  |e 1/2026  |g 5.00  |l 0  |o R.14  |p 2000000000145  |r 2026-05-15 14:02:25  |w 2026-05-15  |y BK  |z da 
999 |c 31  |d 31